00488 a2200097 4500001001000000005001700010008004100027245023000068100002200298773007000320ART_6064020260410161611.0260409a 10aAlgunas diferencias y similitudes entre la norma unificada argentina de contabilidad (NUA) y las normas internacionales de información financiera (NIIF). Resultado del periodo, resultados diferidos y otro resultado integral1 aZgaib, Alfredo O.0 tProfesional & Empresariag- Año XXV, Nº 295 (abr. 2024)wREV70